000 01822cam a2200409 i 4500
001 19572316
003 OSt
005 20260316114614.0
006 m |o d |
007 cr_|||||||||||
008 170327s2017 ilu ob 001 0 eng
010 _a 2017014421
020 _a9780830890972
_qeBook
020 _z9780830851799 (pbk. : alk. paper)
035 _a19572316
040 _aDLC
_beng
_erda
_cDLC
_dDLC
042 _apcc
050 0 0 _aBT732.7
_b.K36 2017
082 0 0 _a233
_223
100 1 _aKapic, Kelly M.,
_d1972-
_eauthor.
245 1 0 _aEmbodied hope :
_ba theological meditation on pain and suffering /
_cKelly M. Kapic.
264 1 _aDowners Grove :
_bInterVarsity Press,
_c2017.
300 _a1 online resource.
336 _atext
_btxt
_2rdacontent
337 _acomputer
_bc
_2rdamedia
338 _aonline resource
_bcr
_2rdacarrier
504 _aIncludes bibliographical references and index.
505 0 _aA necessary prelude -- The struggle -- Hard thoughts about God -- Don't answer why -- Longing and lament -- Embracing our embodiment -- Questions that come with pain -- The strangeness of God -- One with us: Incarnation -- One for us: cross -- Risen and remaining -- Life together -- Faith, hope, and love -- Confession and the other -- Faithful.
588 _aDescription based on print version record and CIP data provided by publisher.
650 0 _aSuffering
_xReligious aspects
_xChristianity.
650 0 _aPain
_xReligious aspects
_xChristianity.
650 0 _aHope
_xReligious aspects
_xChristianity.
776 0 8 _iPrint version:
_aKapic, Kelly M., 1972- author.
_tEmbodied hope
_dDowners Grove : InterVarsity Press, 2017
_z9780830851799
_w(DLC) 2017004963
906 _a7
_bcbc
_corigcop
_d1
_eecip
_f20
_gy-gencatlg
942 _2lcc
_cBK
999 _c21450
_d21449